Некоторые вопросы абразивного износа закаленной стали и абразивности горных пород при их разрушении: автореферат диссертации на соискание ученой степени кандидата технических наук

Podrobná bibliografie
Hlavní autor: Попов А. Н.
Korporativní autor: Московский институт нефтехимической и газовой промышленности им. И. М. Губкина
Další autoři: Спивак А. И. (научный руководитель)
Shrnutí:Защита сост. в апреле 1967 г.
Jazyk:ruština
Vydáno: Москва, [Б. и.], 1967
Témata:
Médium: MixedMaterials Kniha
KOHA link:https://koha.lib.tpu.ru/cgi-bin/koha/opac-detail.pl?biblionumber=105581

MARC

LEADER 00000nam0a2200000 4500
001 105581
005 20231031114449.0
035 |a (RuTPU)RU\TPU\book\113927 
090 |a 105581 
100 |a 20061118d1967 k y0rusy50 ca 
101 0 |a rus 
102 |a RU 
105 |a y dm 001zy 
200 1 |a Некоторые вопросы абразивного износа закаленной стали и абразивности горных пород при их разрушении  |e автореферат диссертации на соискание ученой степени кандидата технических наук  |f А. Н. Попов  |g Московский институт нефтехимической и газовой промышленности им. И. М. Губкина; науч. рук. А. И. Спивак 
210 |a Москва  |c [Б. и.]  |d 1967 
215 |a 22 с. 
300 |a Защита сост. в апреле 1967 г. 
320 |a Библиогр.: с. 21-22 (7 назв.). 
610 1 |a закаленная сталь 
610 1 |a горные породы 
610 1 |a абразивное изнашивание 
610 1 |a абразивность 
610 1 |a шарошечные долота 
610 1 |a износ 
610 1 |a расчет 
610 1 |a авторефераты диссертаций 
675 |a 621.7м144  |v 3 
700 1 |a Попов  |b А. Н. 
702 1 |a Спивак  |b А. И.  |4 727 
712 0 2 |a Московский институт нефтехимической и газовой промышленности им. И. М. Губкина  |2 stltpush  |3 (RuTPU)RU\TPU\col\5781 
801 1 |a RU  |b 63413507  |c 20061118  |g PSBO 
801 2 |a RU  |b 63413507  |c 20081205  |g PSBO 
942 |c BK